000
00336nam a2200157Ia 4500
100
_a
Van valkenburgh.
650
_a
Electrical Engineering
490
_v
1
942
_c
BK
654
_a
electricity
245
_a
Basic electricity
260
_b
Universal Book Stall
_c
1989
082
_a
621.3
300
_a
158
546
_a
ENGLISH
999
_c
35673
_d
35673